000 01319nam a2200337 c 4500
003 BLK
005 20200218091014.0
008 180409b bul|||||r ||||||| ||bul||
010 _aKNG00108663000
020 _a954-657-410-4
_bиздат.: ПАН
040 _aBLK
041 _aBUL
_cBUL
080 _aБългарска литература
_b821.163.2
_x-054.7-93-31
_z821.163.2-054.7-93-31
100 1 _aЕнев, Златко Димитров
_eпърви автор
_9280503
700 1 _aКулев, Андрей
_eил.
_9375000
139 _aЕнев, Златко Димитров
_bЕ 64
245 1 0 _aГората на призраците
_cЗлатко Димитров Енев; ил. Андрей Кулев.
257 _aBGR
260 София
_bПАН
_c2001
_fСофия : Унискорп
300 _a288 с.
_bс цв. ил., портр.
_c24 см
380 _aDX
500 _aСъдържа и Няколко думи за автора. - Доп. тир. 2008.
653 _aромани
653 _aлитература за деца
653 _aдетска литература
852 _aЦб 216490
856 4 _qpdf
_u
856 4 _qpdf
_u
942 _cKNG
_n0
_011
944 _aCR
_c30.10.2003
_lф /
_kЛюдмила_Стоянова
944 _aED
_c30.12.2015
_lф /
_kЛюдмила_Стоянова
999 _c103586
_d103586